| 000 | 00919nam a22002057a 4500 | ||
|---|---|---|---|
| 003 | OSt | ||
| 005 | 20190104071929.0 | ||
| 008 | 180320b xxu||||| |||| 00| 0 spa d | ||
| 020 | _a9502002032 | ||
| 040 | _cPJ | ||
| 100 |
_9155 _aMadile, Juan Alberto |
||
| 245 | 1 | 0 |
_aVida social y cultural / _cJuan Alberto Madile. |
| 260 |
_aBuenos Aires : _bAbeledo-Perrot, _c1983 |
||
| 300 |
_a168 p. _c23 cm |
||
| 504 | _aNotas y bibliografía al pie de algunas páginas. | ||
| 505 | _aContenido: I. Sobre la metodología en Ciencias Sociales -- II. La estructura social -- III: El sistema social -- IV. El sistema político -- V. La familia -- VI.La estratificación social -- VII. El control y el cambio sociales -- VIII. El control social -- IX. El cambio social -- Xl. Epílogo: materia, vida social y cultural. | ||
| 650 | 0 |
_91912 _aCIENCIAS SOCIALES |
|
| 650 | 0 |
_9247 _aSOCIOLOGIA |
|
| 942 |
_2udc _cLIB _h316 _iMAD |
||
| 999 |
_c320 _d320 |
||